Η προστασία του περιβάλλοντος ως πρόβλημα νομοθετικό και διοικητικό (ή ποιος προστατεύει ποιον)
Αποθηκεύτηκε σε:
| Κύριος συγγραφέας: | |
|---|---|
| Μορφή: | Βιβλίο |
| Γλώσσα: | Greek |
| Δημοσίευση: |
Αθήνα, Κομοτηνή :
Σάκκουλας,
1983.
|
| Σειρά: | Δίκαιο και περιβάλλον (Σάκκουλας)
; 2 |
| Θέματα: | |
| Ετικέτες: |
Προσθήκη ετικέτας
Δεν υπάρχουν, Καταχωρήστε ετικέτα πρώτοι!
|
MARC
| LEADER | 00000cam a2200000 i 4500 | ||
|---|---|---|---|
| 001 | 1/8816 | ||
| 008 | 961128s1983 gr | ||| |||| ||gre|| | ||
| 035 | |l 10017244 | ||
| 040 | |a GR-MY-UA |b gre |e aacr | ||
| 041 | 0 | |a gre | |
| 082 | 7 | |a 344.046 |2 (22) | |
| 100 | 1 | |a Τάχος, Αναστάσιος Ι. | |
| 245 | 1 | 2 | |a Η προστασία του περιβάλλοντος ως πρόβλημα νομοθετικό και διοικητικό (ή ποιος προστατεύει ποιον) / |c Αναστ. Ι. Τάχου. |
| 260 | |a Αθήνα, Κομοτηνή : |b Σάκκουλας, |c 1983. | ||
| 300 | |a 56 σ. ; |c 24 εκ. | ||
| 490 | 1 | |a (Δίκαιο και περιβάλλον / Σάκκουλας ; |v 2) | |
| 504 | |a Περιέχει βιβλιογραφία. | ||
| 650 | 0 | 0 | |a Environmental protection |z Greece. |
| 650 | 0 | 0 | |a Environmental law |z Greece. |
| 830 | 0 | |a Δίκαιο και περιβάλλον (Σάκκουλας) |v ; 2 | |
| 852 | |a INST |b LESVOS |e 19961128 |h 344.046 ΤΑΧ |p 005100012368 |q 005100012368 |t BK |y 0 | ||
| 909 | |a Λ |b 008798 | ||
| 970 | |z 28/11/1996 | ||